Movies Quiz

Random Movies or Actress Quiz

Movie by Initials Quiz Stats

 Plays Quiz Updated Jun 11, 2018

Also try: Middle Initials
Challenge
Share
Tweet
Embed
Score 0/30 Timer 05:00
0 Plays Today
Initials Movie % Correct
MIBMen in Black
88.5%
M&MSMr. & Mrs. Smith
85.9%
DHDie Hard
84%
TSToy Story
83.1%
DDDirty Dancing
82.9%
BTTFBack to the Future
77%
TLOTRTFOTRThe Lord of the Rings: The Fellowship of the Ring
71.8%
MDBMillion Dollar Baby
69.3%
PFPulp Fiction
65%
CMIYCCatch Me If You Can
64.9%
SWE5TESB or SWTESBStar Wars: Episode V - The Empire Strikes Back
63.3%
FBDOFerris Bueller's Day Off
63.2%
ROTLARaiders of the Lost Ark
58.3%
BHCBeverly Hills Cop
57.4%
TSOTLThe Silence of the Lambs
57.3%
Initials Movie % Correct
WHMSWhen Harry Met Sally
56.4%
JPJurassic Park
54.2%
SPRSaving Private Ryan
53.3%
ABAmerican Beauty
50.8%
DWWDances with Wolves
50%
PBMCPaul Blart: Mall Cop
49.1%
WWWWhat Women Want
44.7%
AFGMA Few Good Men
44.2%
STTWOKStar Trek: The Wrath of Khan
43%
AGAmerican Gangster
40.8%
MRMystic River
39.9%
TTTropic Thunder
39.8%
SBSling Blade
29.9%
LMSLittle Miss Sunshine
26.2%
TRSThe Right Stuff
14.6%

You're not logged in!

Compare scores with friends on all Sporcle quizzes.
OR
Log In

You Might Also Like...

Show Comments

Extras

Top Quizzes Today


Score Distribution

Your Account Isn't Verified!

In order to create a playlist on Sporcle, you need to verify the email address you used during registration. Go to your Sporcle Settings to finish the process.

Report this User

Report this user for behavior that violates our Community Guidelines.

Details: